000 00651nam a2200229Ia 4500
003 OSt
005 20220927105530.0
006 a|||||r|||| 00| 0
007 ta
008 220926b |||||||| |||| 00| 0 eng d
024 _a173056
037 _cReference Collections
040 _aRTL
_cRTL
_beng
041 _2eng
_aeng
082 _a"W691.41, K8"
100 _aSchwartz Benjamin I.
_9372995
245 0 _aCommunism and China
_b Idealogy in fiux.
260 _aBombay
_bIndia Book House Company.
_c1968
300 _a254p.
_ccm.
942 _h"W691.41, K8"
_cCC
999 _c692869
_d692869